| Tag |
First Indicator |
Second Indicator |
Subfields |
| LEADER |
00000cam a2200000 4500 |
| 001 |
in00000029773 |
| 005 |
20151007062930.0 |
| 008 |
751105r19551954nyu 00001 eng |
| 010 |
|
|
|a 55007889
|
| 035 |
|
|
|a (OCoLC)01808087
|
| 035 |
|
|
|9 AAD6129AM
|
| 040 |
|
|
|a DLC
|c JPL
|d TXA
|d UtOrBLW
|
| 049 |
|
|
|a TXAS [sea]
|
| 050 |
0 |
0 |
|a PZ3.W66123
|b Ae
|
| 090 |
|
|
|a PR6045.I39
|b A35 1955
|
| 092 |
|
|
|a 823
|b W689a
|
| 100 |
1 |
|
|a Willans, Geoffrey.
|
| 245 |
1 |
0 |
|a Admirals on horseback /
|c Geoffrey Willans.
|
| 264 |
|
1 |
|a New York :
|b Vanguard Press,
|c [1955]
|
| 264 |
|
4 |
|c ©1955
|
| 300 |
|
|
|a 256 pages ;
|c 22 cm.
|
| 336 |
|
|
|a text
|b txt
|2 rdacontent
|
| 337 |
|
|
|a unmediated
|b n
|2 rdamedia
|
| 338 |
|
|
|a volume
|b nc
|2 rdacarrier
|
| 500 |
|
|
|a First published in London in 1954 under title: Admiral on horseback.
|
| 999 |
|
|
|a MARS
|
| 999 |
f |
f |
|s e84d9b9c-a5dc-3426-9b5a-f5f6c3f4b333
|i 600d9e2e-0d06-3dc1-8b53-e5963e458383
|t 0
|
| 952 |
f |
f |
|p noncirc
|a Texas A&M University
|b College Station
|c Cushing Memorial Library & Archives
|d Cushing: Literature/Sea (Does not check out)
|t 0
|e PR6045.I39 A35 1955
|h Library of Congress classification
|i unmediated -- volume
|
| 998 |
f |
f |
|a PR6045.I39 A35 1955
|t 0
|l Cushing: Literature/Sea (Does not check out)
|